|
|
|
|
| LEADER |
00922pam a22002538a 4500 |
| 001 |
00022816 |
| 005 |
20171026081025.0 |
| 008 |
110603s1979 ||||||Viesd |
| 041 |
0 |
# |
|a Vie
|
| 082 |
1 |
# |
|a 959.703
|b L302S
|
| 100 |
0 |
# |
|a Nguyễn Văn Kiệm
|
| 245 |
0 |
0 |
|a Lịch sử Việt Nam đầu thế kỷ XX - 1918
|c Nguyễn Văn Kiệm
|n Q.3 - T.2
|
| 250 |
# |
# |
|a In lại lần 2
|
| 260 |
# |
# |
|a H.
|b Giáo dục
|c 1979
|
| 300 |
# |
# |
|a 170 tr.
|c 21 cm.
|
| 650 |
|
|
|a Lịch sử
|
| 653 |
# |
# |
|a Thế kỷ 20
|
| 653 |
# |
# |
|a Việt Nam
|
| 852 |
# |
# |
|b Kho mượn
|j KGT.0025901
|
| 852 |
# |
# |
|b Kho đọc
|j KD.0009795
|
| 852 |
# |
# |
|j KD.0009795
|j KGT.0025901
|j KGT.0025903
|j KGT.0025904
|j KGT.0025902
|
| 852 |
# |
# |
|j KGT.0025901, KGT.0025902, KGT.0025903, KGT.0025904
|b Kho giáo trình
|
| 910 |
# |
# |
|a Hoa Lê
|d 03/06/2011
|
| 980 |
# |
# |
|a Trung tâm Học liệu Lê Vũ Hùng, Trường Đại học Đồng Tháp
|